000 00470nam a22001697a 4500
005 20251108172628.0
008 250721s1990 xx 000 0 ara d
082 1 4 _a155.26/عبا
100 1 _aعباس، فيصل
245 1 0 _aأساليب دراسه الشخصية /
264 1 _aبيروت :
_bدار الفكر اللبناني،
_c1990.
300 _a296 ص
650 1 7 _aعلم النفس
650 1 7 _aالشخصيه
942 _2ddc
_cBK
999 _c84437
_d84437